[Event "Swiss Queens Wed #13"]
[Site "FIDE Online Arena INT"]
[Date "2024.04.24"]
[Round "1"]
[White "Kairbekova, Amina"]
[Black "Gade, Sharanya"]
[Result "1-0"]
[WhiteElo "2204"]
[BlackElo "1728"]
[PlyCount "43"]
[EventDate "2024.04.24"]
[EventType "swiss (blitz)"]
[EventRounds "11"]
[EventCountry "NET"]
[SourceTitle "CB18_2024"]
[SourceDate "2024.05.01"]
[SourceVersion "1"]
[SourceVersionDate "2024.05.01"]
[SourceQuality "2"]

1. e4 c5 2. Nf3 Nc6 3. Bb5 g6 4. 0-0 Bg7 5. c3 Nf6 6. Re1 0-0 7. d4 d5 8. e5 Ne4 9. Bxc6 bxc6 10. Be3 Rb8 11. Qc1 Qb6 12. b3 cxd4 13. cxd4 f6 14. Nc3 Nxc3 15. Qxc3 Bg4 16. exf6 Bxf6 17. Ne5 Bxe5 18. dxe5 Qc7 19. e6 Bxe6 20. Bh6 Rf6 21. Rxe6 Rxe6 22. Qg7# 1-0

[Event "Swiss Queens Wed #13"]
[Site "FIDE Online Arena INT"]
[Date "2024.04.24"]
[Round "7"]
[White "Kairbekova, Amina"]
[Black "Nevska, Gerda"]
[Result "1-0"]
[WhiteElo "2204"]
[BlackElo "1872"]
[PlyCount "59"]
[EventDate "2024.04.24"]
[EventType "swiss (blitz)"]
[EventRounds "11"]
[EventCountry "NET"]
[SourceTitle "CB18_2024"]
[SourceDate "2024.05.01"]
[SourceVersion "1"]
[SourceVersionDate "2024.05.01"]
[SourceQuality "2"]

1. e4 Nc6 2. Nf3 e5 3. Nc3 Bc5 4. Nxe5 Bxf2+ 5. Kxf2 Nxe5 6. d4 Qf6+ 7. Kg1 Ng6 8. e5 Qb6 9. Be3 Qxb2 10. Nb5 Nxe5 11. Rb1 Nf3+ 12. gxf3 Qxa2 13. Nxc7+ Kd8 14. Nxa8 Nf6 15. Bd3 b6 16. Ra1 Qd5 17. Rxa7 Bb7 18. Nxb6 Qxf3 19. Qxf3 Bxf3 20. h4 Bxh1 21. Kxh1 Ke7 22. Bg5 Rb8 23. Bxf6+ gxf6 24. Nxd7 Rb1+ 25. Kg2 Kd6 26. Nxf6 h6 27. c4 Rb3 28. c5+ Kc6 29. Be4+ Kb5 30. Rb7+ 1-0

[Event "Swiss Queens Wed #13"]
[Site "FIDE Online Arena INT"]
[Date "2024.04.24"]
[Round "3"]
[White "Kairbekova, Amina"]
[Black "Tripurambika, V."]
[Result "1-0"]
[WhiteElo "2204"]
[BlackElo "1626"]
[PlyCount "113"]
[EventDate "2024.04.24"]
[EventType "swiss (blitz)"]
[EventRounds "11"]
[EventCountry "NET"]
[SourceTitle "CB18_2024"]
[SourceDate "2024.05.01"]
[SourceVersion "1"]
[SourceVersionDate "2024.05.01"]
[SourceQuality "2"]

1. e4 c5 2. Nf3 g6 3. d4 cxd4 4. Nxd4 Nc6 5. c4 Nf6 6. Nc3 Nxd4 7. Qxd4 d6 8. Be2 Bg7 9. Be3 0-0 10. Qd2 a5 11. f3 a4 12. 0-0 Qa5 13. Rac1 a3 14. b3 Re8 15. Nb5 Bd7 16. Qxa5 Rxa5 17. Bd2 Raa8 18. Nc7 Rac8 19. Nxe8 Nxe8 20. Be3 Nc7 21. Rfd1 Na6 22. Bd2 Bb2 23. Rc2 Bd4+ 24. Kf1 h5 25. Bd3 Nc5 26. Ke2 Ra8 27. Bc3 Nxd3 28. Rxd3 Bc5 29. b4 Bg1 30. h3 Be6 31. Bd4 Bh2 32. b5 Rc8 33. Rdc3 f5 34. Kd3 fxe4+ 35. fxe4 Bf7 36. Rxa3 e5 37. Be3 Be6 38. Ra7 Rc7 39. c5 dxc5 40. Rxc5 Rd7+ 41. Ke2 Kg7 42. b6 Bg3 43. Rc7 Kf7 44. Rxd7+ Bxd7 45. Rxb7 Ke6 46. a4 Bxa4 47. Rg7 Bb5+ 48. Kd2 Kf6 49. b7 Kxg7 50. b8Q Bd7 51. Qc7 Kg8 52. Qxd7 Bf4 53. Bxf4 exf4 54. e5 Kf8 55. e6 Kg8 56. e7 Kh8 57. e8Q# 1-0

[Event "Swiss Queens Wed #13"]
[Site "FIDE Online Arena INT"]
[Date "2024.04.24"]
[Round "2"]
[White "Shubenkova, Veronika"]
[Black "Kairbekova, Amina"]
[Result "1-0"]
[WhiteElo "2113"]
[BlackElo "2204"]
[PlyCount "109"]
[EventDate "2024.04.24"]
[EventType "swiss (blitz)"]
[EventRounds "11"]
[EventCountry "NET"]
[SourceTitle "CB18_2024"]
[SourceDate "2024.05.01"]
[SourceVersion "1"]
[SourceVersionDate "2024.05.01"]
[SourceQuality "2"]

1. e4 e5 2. Nf3 Nc6 3. Bb5 a6 4. Ba4 d6 5. 0-0 Bd7 6. Bxc6 bxc6 7. d4 exd4 8. Nxd4 Nf6 9. Re1 Be7 10. e5 dxe5 11. Rxe5 0-0 12. Nc3 Bd6 13. Re1 c5 14. Nf3 Bc6 15. Bg5 h6 16. Bh4 Rb8 17. b3 Rb4 18. Bxf6 Qxf6 19. Nd5 Bxd5 20. Qxd5 Rd8 21. Qh5 Rf4 22. Rad1 c4 23. bxc4 Rxc4 24. Rd2 Rb8 25. Rde2 Kh7 26. Qd5 Rcb4 27. c4 Rb1 28. c5 Rxe1+ 29. Rxe1 Rb5 30. Qd3+ g6 31. cxd6 cxd6 32. a4 Ra5 33. Qb3 h5 34. h4 Kg7 35. Ng5 Rf5 36. Qg3 Rf4 37. a5 Rg4 38. Qh3 d5 39. Nf3 d4 40. Rd1 Rf4 41. Qd7 Kh7 42. Ng5+ Kg7 43. Nf3 Rg4 44. Kf1 Kh7 45. Rxd4 Rxd4 46. Qxd4 Qc6 47. Ng5+ Kg8 48. Kg1 Qc7 49. g3 Qc1+ 50. Kg2 Qc6+ 51. Qe4 Qc7 52. Qe8+ Kg7 53. Qe2 Qxa5 54. Qc4 Kg8 55. Qxf7+ 1-0

[Event "Swiss Queens Wed #13"]
[Site "FIDE Online Arena INT"]
[Date "2024.04.24"]
[Round "8"]
[White "Vidruska, Renate"]
[Black "Kairbekova, Amina"]
[Result "0-1"]
[WhiteElo "1978"]
[BlackElo "2204"]
[PlyCount "60"]
[EventDate "2024.04.24"]
[EventType "swiss (blitz)"]
[EventRounds "11"]
[EventCountry "NET"]
[SourceTitle "CB18_2024"]
[SourceDate "2024.05.01"]
[SourceVersion "1"]
[SourceVersionDate "2024.05.01"]
[SourceQuality "2"]

1. e4 c5 2. Nf3 e6 3. d4 cxd4 4. Nxd4 Nf6 5. Nc3 Nc6 6. Nxc6 bxc6 7. Bd3 d5 8. e5 Nd7 9. Bf4 Qb6 10. Rb1 c5 11. 0-0 c4 12. Be2 Bb4 13. Nxd5 exd5 14. Qxd5 Bb7 15. Qxc4 Rc8 16. Qb3 0-0 17. Qg3 Rxc2 18. Bd3 Rcc8 19. Qh3 f5 20. Bxf5 Rxf5 21. Qxf5 Qc6 22. Qg4 h5 23. Qg3 Qe4 24. Rbd1 h4 25. Qg4 Nxe5 26. Qg5 Nf3+ 27. gxf3 Qxf3 28. Rd8+ Rxd8 29. Qxd8+ Bf8 30. Qd5+ Bxd5 0-1

[Event "Tashkent (Women) 2nd"]
[Site "Tashkent"]
[Date "2024.03.07"]
[Round "3"]
[White "Meghna, CH."]
[Black "Kairbekova, Amina"]
[Result "1/2-1/2"]
[WhiteElo "1995"]
[BlackElo "2230"]
[PlyCount "70"]
[EventDate "2024.03.06"]
[EventType "swiss"]
[EventRounds "9"]
[EventCountry "UZB"]
[SourceTitle "CB12_2024"]
[SourceDate "2023.10.01"]
[SourceVersion "1"]
[SourceVersionDate "2023.10.01"]
[SourceQuality "1"]

1. e4 e5 2. Nf3 Nc6 3. Bc4 Nf6 4. d4 exd4 5. e5 d5 6. Bb5 Ne4 7. Nxd4 Bc5 8. Be3 0-0 9. Nxc6 bxc6 10. Bxc5 Nxc5 11. Bxc6 Rb8 12. Qxd5 Qe7 13. 0-0 Rxb2 14. Nc3 Ne6 15. Qe4 Qa3 16. Nd5 Kh8 17. Ne3 Ba6 18. Rfd1 Qc3 19. a3 Rb6 20. Bd5 c5 21. Nf5 f6 22. f4 g6 23. Nd6 f5 24. Qa4 Qe3+ 25. Kh1 Nxf4 26. Qd7 Nh5 27. Re1 Be2 28. Nf7+ Kg7 29. Ng5+ Kh6 30. Qxh7+ Kxg5 31. Qe7+ Rbf6 32. h4+ Kxh4 33. exf6 Ng3+ 34. Kh2 Qh6 35. Qg7 Qf4 1/2-1/2

[Event "Swiss Queens Wed #3"]
[Site "FIDE Online Arena INT"]
[Date "2024.02.14"]
[Round "2"]
[White "Ambartsumova, Karina"]
[Black "Kairbekova, Amina"]
[Result "0-1"]
[WhiteElo "2418"]
[BlackElo "2204"]
[PlyCount "90"]
[EventDate "2024.02.14"]
[EventType "swiss (blitz)"]
[EventRounds "11"]
[EventCountry "NET"]
[SourceTitle "CB08_2024"]
[SourceDate "2024.02.21"]
[SourceVersion "1"]
[SourceVersionDate "2024.02.21"]
[SourceQuality "1"]

1. d4 Nf6 2. c4 g6 3. Nc3 Bg7 4. h4 c5 5. d5 d6 6. e4 0-0 7. Be2 e6 8. h5 exd5 9. exd5 Re8 10. h6 Bh8 11. Kf1 Ne4 12. Nxe4 Rxe4 13. Nf3 Nd7 14. Bd3 Re8 15. Bg5 Qb6 16. Rb1 Ne5 17. Nxe5 Bxe5 18. Qf3 f5 19. Bf4 Bd4 20. Qg3 Be5 21. Qg5 Qc7 22. Re1 Qf7 23. g3 Bd7 24. Kg2 b5 25. Bxe5 dxe5 26. b3 e4 27. Bc2 b4 28. Re2 a5 29. Rhe1 a4 30. Qf4 axb3 31. axb3 Qf6 32. f3 g5 33. Qc7 exf3+ 34. Kxf3 Rxe2 35. Rxe2 Qf7 36. Qxc5 g4+ 37. Kg2 Re8 38. Rf2 Qh5 39. Kg1 Qh3 40. Rf1 Qxg3+ 41. Kh1 Qh3+ 42. Kg1 Qg3+ 43. Kh1 Re2 44. Qg1 Qh3+ 45. Qh2 Qxh2# 0-1

[Event "Swiss Queens Wed #3"]
[Site "FIDE Online Arena INT"]
[Date "2024.02.14"]
[Round "6"]
[White "Bodnaruk, Anastasia"]
[Black "Kairbekova, Amina"]
[Result "1-0"]
[WhiteElo "2340"]
[BlackElo "2204"]
[PlyCount "79"]
[EventDate "2024.02.14"]
[EventType "swiss (blitz)"]
[EventRounds "11"]
[EventCountry "NET"]
[SourceTitle "CB08_2024"]
[SourceDate "2024.02.21"]
[SourceVersion "1"]
[SourceVersionDate "2024.02.21"]
[SourceQuality "1"]

1. e4 e5 2. Nf3 Nc6 3. Bb5 a6 4. Ba4 d6 5. 0-0 Bd7 6. c3 Nf6 7. d4 g6 8. Re1 Bg7 9. Nbd2 0-0 10. h3 exd4 11. cxd4 Nb4 12. Bxd7 Qxd7 13. Nf1 c5 14. a3 Nc6 15. d5 Ne7 16. Bd2 Rfe8 17. Bc3 Nc8 18. Qc2 b5 19. Rad1 Nb6 20. b3 Rac8 21. Qb2 Nh5 22. Bxg7 Nxg7 23. Ne3 h5 24. e5 dxe5 25. Nxe5 Qd6 26. f4 c4 27. bxc4 bxc4 28. Qd4 c3 29. a4 a5 30. Nc6 Nd7 31. Qxc3 Qxf4 32. Ne7+ Rxe7 33. Qxc8+ Kh7 34. Qc3 Nb6 35. d6 Rd7 36. Qc6 Qb4 37. Rb1 Rxd6 38. Qc7 Qd4 39. Rbd1 Qxd1 40. Rxd1 1-0

[Event "Swiss Queens Wed #3"]
[Site "FIDE Online Arena INT"]
[Date "2024.02.14"]
[Round "5"]
[White "Kairbekova, Amina"]
[Black "Lesbekova, Asel"]
[Result "1-0"]
[WhiteElo "2204"]
[BlackElo "1805"]
[PlyCount "59"]
[EventDate "2024.02.14"]
[EventType "swiss (blitz)"]
[EventRounds "11"]
[EventCountry "NET"]
[SourceTitle "CB08_2024"]
[SourceDate "2024.02.21"]
[SourceVersion "1"]
[SourceVersionDate "2024.02.21"]
[SourceQuality "1"]

1. e4 e5 2. Nf3 Nf6 3. Nc3 Nc6 4. Be2 d5 5. exd5 Nxd5 6. 0-0 Be7 7. d4 exd4 8. Nxd4 Nxc3 9. bxc3 Ne5 10. f4 Nc6 11. Nxc6 Qxd1 12. Rxd1 bxc6 13. Bf3 Bd7 14. Rb1 Bc5+ 15. Kh1 Rd8 16. Re1+ Kf8 17. Be3 Bb6 18. a4 Re8 19. Bd4 Rxe1+ 20. Rxe1 c5 21. a5 cxd4 22. axb6 cxb6 23. cxd4 g6 24. h4 Bf5 25. g4 Bxc2 26. Rc1 Ba4 27. Rc7 a5 28. Rb7 b5 29. Bd5 Ke8 30. Rb8+ 1-0

[Event "Swiss Queens Wed #3"]
[Site "FIDE Online Arena INT"]
[Date "2024.02.14"]
[Round "1"]
[White "Kairbekova, Amina"]
[Black "Rudzinska, Michalina"]
[Result "1-0"]
[WhiteElo "2204"]
[BlackElo "2241"]
[PlyCount "85"]
[EventDate "2024.02.14"]
[EventType "swiss (blitz)"]
[EventRounds "11"]
[EventCountry "NET"]
[SourceTitle "CB08_2024"]
[SourceDate "2024.02.21"]
[SourceVersion "1"]
[SourceVersionDate "2024.02.21"]
[SourceQuality "1"]

1. e4 c6 2. d4 d5 3. e5 Bf5 4. Nf3 e6 5. Be2 Ne7 6. 0-0 h5 7. a4 h4 8. h3 Ng6 9. a5 f6 10. Bd3 Bxd3 11. Qxd3 f5 12. g4 hxg3 13. fxg3 Be7 14. Kg2 Nd7 15. a6 b6 16. Na3 Qc7 17. Bg5 0-0-0 18. Bxe7 Nxe7 19. Ng5 Nf8 20. Nf7 Nfg6 21. Nxd8 Qxd8 22. c4 f4 23. c5 Nf5 24. Rac1 Ne3+ 25. Kg1 Nxf1 26. Qxg6 Nxg3 27. Qxe6+ Kb8 28. Qxc6 Qc7 29. Qxc7+ Kxc7 30. Nb5+ Kb8 31. Kf2 bxc5 32. dxc5 Ne4+ 33. Kf3 g5 34. c6 Rxh3+ 35. Kg4 Rg3+ 36. Kf5 Kc8 37. Nxa7+ Kc7 38. Nb5+ Kb6 39. c7 Kxb5 40. c8Q Re3 41. Qc6+ Kb4 42. Qb6+ Ka4 43. Ra1+ 1-0

[Event "Swiss Queens Wed #2"]
[Site "FIDE Online Arena INT"]
[Date "2024.02.07"]
[Round "5"]
[White "Rudzinska, Michalina"]
[Black "Kairbekova, Amina"]
[Result "1-0"]
[WhiteElo "2241"]
[BlackElo "2204"]
[PlyCount "87"]
[EventDate "2024.02.07"]
[EventType "swiss (blitz)"]
[EventRounds "11"]
[EventCountry "NET"]
[SourceTitle "CB07_2024"]
[SourceDate "2024.02.14"]
[SourceVersion "1"]
[SourceVersionDate "2024.02.14"]
[SourceQuality "1"]

1. e4 e5 2. Nf3 Nc6 3. Nc3 Nf6 4. Bb5 Bd6 5. d3 a6 6. Ba4 h6 7. Be3 b5 8. Bb3 Ng4 9. a3 Nxe3 10. fxe3 0-0 11. 0-0 Be7 12. Ne2 Bg5 13. Qd2 d6 14. Ng3 Nd4 15. Ba2 Nxf3+ 16. Rxf3 Bg4 17. Rf2 c6 18. Nf5 Qb6 19. Re1 Rad8 20. h4 Bxf5 21. hxg5 Bg6 22. gxh6 gxh6 23. Ref1 d5 24. Rf6 Qc7 25. exd5 cxd5 26. e4 Kg7 27. Bxd5 Qc5+ 28. Qf2 Qxf2+ 29. R1xf2 a5 30. Rb6 Rb8 31. Rff6 Rbc8 32. c3 b4 33. axb4 axb4 34. c4 Rc5 35. Rfd6 Ra5 36. Rxb4 Ra1+ 37. Kf2 f5 38. Rb7+ Kh8 39. Rxg6 fxe4+ 40. Ke3 Re1+ 41. Kd2 Rh1 42. dxe4 Rf2+ 43. Kc3 Rf8 44. Rgg7 1-0

[Event "Swiss Queens Wed #1"]
[Site "FIDE Online Arena INT"]
[Date "2024.01.31"]
[Round "2"]
[White "Kairbekova, Amina"]
[Black "Balabayeva, Kseniya"]
[Result "1-0"]
[WhiteElo "2204"]
[BlackElo "2282"]
[PlyCount "59"]
[EventDate "2024.01.31"]
[EventType "swiss (blitz)"]
[EventRounds "11"]
[EventCountry "NET"]
[SourceTitle "CB06_2024"]
[SourceDate "2024.02.07"]
[SourceVersion "1"]
[SourceVersionDate "2024.02.07"]
[SourceQuality "1"]

1. e4 c6 2. d4 d5 3. e5 Bf5 4. Nf3 e6 5. Be2 Nd7 6. 0-0 h6 7. a4 a5 8. c3 Ne7 9. Na3 Bh7 10. Ne1 Nf5 11. f4 Be7 12. Nf3 0-0 13. Bd3 c5 14. Nb5 Nb8 15. g4 Nh4 16. Nxh4 Bxd3 17. Qxd3 Bxh4 18. Nd6 cxd4 19. cxd4 Be7 20. Nxb7 Qc7 21. Nd6 Bxd6 22. exd6 Qxd6 23. f5 Nc6 24. f6 e5 25. fxg7 Kxg7 26. dxe5 Qxe5 27. Bd2 Kg8 28. Bc3 d4 29. Bd2 Rad8 30. Bxh6 1-0

[Event "Swiss Queens Wed #1"]
[Site "FIDE Online Arena INT"]
[Date "2024.01.31"]
[Round "4"]
[White "Kairbekova, Amina"]
[Black "Doluhanova, Evgeniya"]
[Result "0-1"]
[WhiteElo "2204"]
[BlackElo "2224"]
[PlyCount "68"]
[EventDate "2024.01.31"]
[EventType "swiss (blitz)"]
[EventRounds "11"]
[EventCountry "NET"]
[SourceTitle "CB06_2024"]
[SourceDate "2024.02.07"]
[SourceVersion "1"]
[SourceVersionDate "2024.02.07"]
[SourceQuality "1"]

1. e4 e5 2. Nf3 Nc6 3. Bb5 Nf6 4. d3 Bc5 5. c3 0-0 6. 0-0 d6 7. Bxc6 bxc6 8. d4 Bb6 9. Nbd2 Ba6 10. Re1 exd4 11. cxd4 Re8 12. Qc2 c5 13. d5 Rc8 14. b3 c6 15. dxc6 Rxc6 16. Bb2 Bb7 17. Nc4 Rc7 18. Nfd2 d5 19. e5 dxc4 20. exf6 cxb3 21. axb3 Re6 22. fxg7 Qd5 23. Nf3 Rce7 24. Red1 Qh5 25. Qd3 Re8 26. Re1 Be4 27. Qc3 h6 28. Rxe4 Rxe4 29. Rd1 Qg6 30. h3 R4e6 31. Kh2 Rd6 32. Rxd6 Qxd6+ 33. Kh1 Bc7 34. Qc4 Qd1+ 0-1

[Event "Swiss Queens Wed #1"]
[Site "FIDE Online Arena INT"]
[Date "2024.01.31"]
[Round "8"]
[White "Kairbekova, Amina"]
[Black "Nguyen, Hong Nhung"]
[Result "0-1"]
[WhiteElo "2204"]
[BlackElo "2063"]
[PlyCount "106"]
[EventDate "2024.01.31"]
[EventType "swiss (blitz)"]
[EventRounds "11"]
[EventCountry "NET"]
[SourceTitle "CB06_2024"]
[SourceDate "2024.02.07"]
[SourceVersion "1"]
[SourceVersionDate "2024.02.07"]
[SourceQuality "1"]

1. e4 c5 2. Nf3 e6 3. d4 cxd4 4. Nxd4 Nf6 5. Nc3 Nc6 6. Nxc6 bxc6 7. e5 Nd5 8. Ne4 Bb7 9. c4 Nb4 10. c5 Qb8 11. f4 Ba6 12. Bxa6 Nxa6 13. 0-0 Nxc5 14. Nc3 Be7 15. Qg4 0-0 16. Rf3 f5 17. Qh5 Qe8 18. Qh3 d6 19. exd6 Bxd6 20. Be3 Rb8 21. Rd1 Qe7 22. Rf2 Na6 23. Qf3 Nb4 24. Rfd2 Nd5 25. Kh1 Bc5 26. Bxc5 Qxc5 27. Nxd5 exd5 28. h4 Qc4 29. h5 Qe4 30. Qg3 h6 31. Re1 Qb4 32. Rde2 Rf6 33. Re7 Rf7 34. Rxf7 Kxf7 35. Qg6+ Kg8 36. Re6 Qxf4 37. Re7 Qh4+ 38. Kg1 Qd4+ 39. Kf1 Qc4+ 40. Re2 Rf8 41. Qe6+ Kh8 42. Kg1 Qc1+ 43. Kh2 Qg5 44. Kh1 Qxh5+ 45. Kg1 f4 46. Rf2 f3 47. gxf3 Rxf3 48. Rxf3 Qxf3 49. Qe8+ Kh7 50. Qxc6 Qg4+ 51. Kf2 Qf5+ 52. Ke3 h5 53. Qc1 Qg5+ 0-1

[Event "Wch Blitz (Women)"]
[Site "Samarkand"]
[Date "2023.12.30"]
[Round "11"]
[White "Getman, Tatyana"]
[Black "Kairbekova, Amina"]
[Result "1-0"]
[WhiteElo "2188"]
[BlackElo "2235"]
[PlyCount "71"]
[EventDate "2023.12.29"]
[EventType "swiss (blitz)"]
[EventRounds "17"]
[EventCountry "UZB"]
[SourceTitle "CB01_2024"]
[SourceDate "2024.01.03"]
[SourceVersion "1"]
[SourceVersionDate "2024.01.03"]
[SourceQuality "1"]

1. d4 Nf6 2. c4 g6 3. Nc3 Bg7 4. e4 d6 5. Nf3 0-0 6. Bd3 Nbd7 7. 0-0 e5 8. d5 Nc5 9. Bc2 a5 10. a3 Bd7 11. Be3 Ng4 12. Bd2 f5 13. b4 axb4 14. axb4 fxe4 15. Rxa8 Qxa8 16. Nxe4 Nxe4 17. Bxe4 Nf6 18. Bc2 b5 19. c5 Kh8 20. Ng5 Nxd5 21. cxd6 cxd6 22. Be4 Qa2 23. Be1 Nf6 24. Qxd6 Nxe4 25. Nxe4 Bf5 26. Ng3 Qc4 27. Nxf5 gxf5 28. Bd2 e4 29. Rc1 Qe2 30. Be3 f4 31. Bd4 Rg8 32. Bxg7+ Kxg7 33. Qe5+ Kh6 34. Qxf4+ Kg7 35. Rc7+ Kg6 36. Rc6+ 1-0

[Event "Wch Blitz (Women)"]
[Site "Samarkand"]
[Date "2023.12.30"]
[Round "14"]
[White "Kairbekova, Amina"]
[Black "Naisanga Sheba Valentine"]
[Result "1-0"]
[WhiteElo "2235"]
[BlackElo "1303"]
[PlyCount "49"]
[EventDate "2023.12.29"]
[EventType "swiss (blitz)"]
[EventRounds "17"]
[EventCountry "UZB"]
[SourceTitle "CB01_2024"]
[SourceDate "2024.01.03"]
[SourceVersion "1"]
[SourceVersionDate "2024.01.03"]
[SourceQuality "1"]

1. e4 c5 2. Nf3 e6 3. d4 cxd4 4. Nxd4 Nc6 5. Nc3 a6 6. Be3 Qc7 7. Qd2 Nf6 8. f4 d6 9. 0-0-0 Be7 10. Nxc6 bxc6 11. g4 Bb7 12. g5 Nd7 13. f5 e5 14. Bc4 f6 15. gxf6 gxf6 16. Rhg1 0-0-0 17. Be6 Kb8 18. Na4 Nf8 19. Bb6 Nxe6 20. Bxc7+ Nxc7 21. Qa5 d5 22. Rg7 Rde8 23. Nc5 Rhg8 24. Qb6 Bxc5 25. Qxc7+ 1-0

[Event "Wch Blitz (Women)"]
[Site "Samarkand"]
[Date "2023.12.29"]
[Round "9"]
[White "Hejazipour, Mitra"]
[Black "Kairbekova, Amina"]
[Result "1-0"]
[WhiteElo "2356"]
[BlackElo "2235"]
[PlyCount "91"]
[EventDate "2023.12.29"]
[EventType "swiss (blitz)"]
[EventRounds "17"]
[EventCountry "UZB"]
[SourceTitle "CB01_2024"]
[SourceDate "2024.01.03"]
[SourceVersion "1"]
[SourceVersionDate "2024.01.03"]
[SourceQuality "1"]

1. Nf3 Nf6 2. c4 g6 3. b3 Bg7 4. Bb2 0-0 5. e3 d6 6. d4 c5 7. d5 Nbd7 8. Bd3 b5 9. cxb5 Nb6 10. e4 a6 11. bxa6 Bxa6 12. 0-0 c4 13. bxc4 Nxc4 14. Bd4 Qd7 15. Qe2 Rfc8 16. a4 Qb7 17. Nc3 Nd7 18. Bxg7 Kxg7 19. Rfb1 Qa7 20. Nb5 Bxb5 21. Rxb5 Nce5 22. Qb2 Kg8 23. Nxe5 Nxe5 24. Bf1 Rab8 25. h3 h5 26. Rb1 Ra8 27. a5 Rc7 28. a6 Kh7 29. Rb7 Rxb7 30. Qxb7 Kg7 31. Qxa7 Rxa7 32. Rb7 Ra8 33. Rxe7 Kf6 34. Rb7 g5 35. Bb5 g4 36. hxg4 hxg4 37. a7 g3 38. Bc6 gxf2+ 39. Kxf2 Nd3+ 40. Ke3 Nc5 41. Rc7 Rg8 42. a8Q Rg3+ 43. Kf2 Nxe4+ 44. Ke2 Nc3+ 45. Ke1 Re3+ 46. Kd2 1-0

[Event "Wch Blitz (Women)"]
[Site "Samarkand"]
[Date "2023.12.29"]
[Round "6"]
[White "Kairbekova, Amina"]
[Black "Tokhirjonova, Gulruhbegim"]
[Result "1/2-1/2"]
[WhiteElo "2235"]
[BlackElo "2370"]
[PlyCount "178"]
[EventDate "2023.12.29"]
[EventType "swiss (blitz)"]
[EventRounds "17"]
[EventCountry "UZB"]
[SourceTitle "CB01_2024"]
[SourceDate "2024.01.03"]
[SourceVersion "1"]
[SourceVersionDate "2024.01.03"]
[SourceQuality "1"]

1. e4 e5 2. Nf3 Nc6 3. Nc3 Nf6 4. d4 exd4 5. Nxd4 Bb4 6. Nxc6 bxc6 7. Bd3 0-0 8. 0-0 d5 9. exd5 cxd5 10. h3 Rb8 11. Qf3 c6 12. Bf4 Bd6 13. b3 Rb4 14. Ne2 Ne4 15. a3 Rb7 16. Bxd6 Nxd6 17. Nd4 Bd7 18. b4 f5 19. Nb3 Ne4 20. Rfe1 Bc8 21. c4 Qf6 22. Rac1 Re7 23. cxd5 cxd5 24. Na5 Bd7 25. Rc7 Rfe8 26. Rec1 Qd4 27. Nb3 Qb2 28. Bxe4 fxe4 29. Qe3 Qxa3 30. Nc5 Qxe3 31. fxe3 Bb5 32. Rxe7 Rxe7 33. Rd1 Bc4 34. Kf2 Kf8 35. Ke1 Rf7 36. Kd2 Rf2+ 37. Kc3 Rxg2 38. Ra1 Ra2 39. Rg1 g6 40. Kd4 Ke7 41. Ke5 Rf2 42. Ra1 Ra2 43. Rg1 a6 44. h4 Re2 45. h5 gxh5 46. Rg7+ Ke8 47. Rxh7 Rxe3 48. Ne6 d4 49. Rh8+ Ke7 50. Rh7+ Ke8 51. Rh8+ Kd7 52. Rh7+ Kc8 53. Nxd4 Re1 54. Kd6 Rd1 55. Kc5 Bb5 56. Rh8+ Kd7 57. Rh7+ Ke8 58. Rxh5 Kf8 59. Re5 Bd3 60. Kd6 Bb1 61. Kc5 Kg7 62. Nf5+ Kf6 63. Ne3 Kxe5 64. Nxd1 Kf4 65. Kd4 Bd3 66. Ne3 Bb5 67. Nd5+ Kf3 68. Ne3 Bc6 69. Nf5 Kf4 70. Ne3 Bd7 71. Nd5+ Kf3 72. Ne3 Be6 73. Nd1 Bb3 74. Ne3 Kf4 75. Ng2+ Kf3 76. Ne3 Ba4 77. Nd5 Bb5 78. Ne3 Bd3 79. Nd1 Ke2 80. Nc3+ Kd2 81. Nxe4+ Bxe4 82. Kxe4 Kc3 83. Ke3 Kxb4 84. Kd2 Kb3 85. Kc1 a5 86. Kb1 a4 87. Ka1 a3 88. Kb1 a2+ 89. Ka1 Ka3 1/2-1/2

[Event "Wch Blitz (Women)"]
[Site "Samarkand"]
[Date "2023.12.29"]
[Round "7"]
[White "Mammadova, Gulnar Marfat Qizi"]
[Black "Kairbekova, Amina"]
[Result "1/2-1/2"]
[WhiteElo "2350"]
[BlackElo "2235"]
[PlyCount "89"]
[EventDate "2023.12.29"]
[EventType "swiss (blitz)"]
[EventRounds "17"]
[EventCountry "UZB"]
[SourceTitle "CB01_2024"]
[SourceDate "2024.01.03"]
[SourceVersion "1"]
[SourceVersionDate "2024.01.03"]
[SourceQuality "1"]

1. e4 c5 2. d3 Nc6 3. g3 d5 4. Nd2 e6 5. Bg2 Nf6 6. Ngf3 g6 7. 0-0 Bg7 8. Re1 0-0 9. c3 a5 10. e5 Nd7 11. d4 f6 12. exf6 Qxf6 13. Nb3 a4 14. Nxc5 Nxc5 15. dxc5 a3 16. bxa3 Qxc3 17. Rb1 Qxc5 18. Rb3 e5 19. Bb2 Na5 20. Rc3 Nc4 21. Rc2 Bg4 22. h3 Bxf3 23. Bxf3 e4 24. Bxg7 Kxg7 25. Bg2 Rxa3 26. Qg4 h5 27. Qg5 Rf5 28. Qh4 b5 29. Kh2 Ra7 30. Rd1 Rxf2 31. Rxf2 Qxf2 32. Rf1 Qb2 33. Qg5 h4 34. Qd8 hxg3+ 35. Kh1 Qb4 36. Qf6+ Kh7 37. Qh4+ Kg7 38. Qf6+ Kh7 39. Qh4+ Kg8 40. Qd8+ Kg7 41. Qf6+ Kh7 42. Qh4+ Kg8 43. Qd8+ Kh7 44. Qh4+ Kg7 45. Qf6+ 1/2-1/2

[Event "Wch Blitz (Women)"]
[Site "Samarkand"]
[Date "2023.12.29"]
[Round "3"]
[White "Omonova, Umida"]
[Black "Kairbekova, Amina"]
[Result "1-0"]
[WhiteElo "2257"]
[BlackElo "2235"]
[PlyCount "91"]
[EventDate "2023.12.29"]
[EventType "swiss (blitz)"]
[EventRounds "17"]
[EventCountry "UZB"]
[SourceTitle "CB01_2024"]
[SourceDate "2024.01.03"]
[SourceVersion "1"]
[SourceVersionDate "2024.01.03"]
[SourceQuality "1"]

1. e4 e5 2. Nf3 Nc6 3. Bc4 Nf6 4. d3 h6 5. c3 d6 6. 0-0 g5 7. Be3 Bg7 8. a4 0-0 9. Nbd2 Ne7 10. Ba2 Ng6 11. d4 g4 12. Ne1 h5 13. Nd3 Re8 14. f3 exd4 15. cxd4 h4 16. fxg4 Bxg4 17. Bxf7+ Kxf7 18. Qxg4 Qc8 19. Qf3 Kg8 20. h3 Qe6 21. Nf2 Rf8 22. Rae1 Rae8 23. Qe2 Qd7 24. b3 Qe6 25. Bg5 c6 26. Bxf6 Qxf6 27. Nf3 Nf4 28. Qe3 Ng6 29. Ng4 Qe6 30. Qg5 c5 31. dxc5 dxc5 32. Nxh4 Nxh4 33. Qxh4 Bd4+ 34. Kh1 Qg6 35. Nh6+ Kg7 36. Nf5+ Kg8 37. Rf3 Rxf5 38. Rxf5 Bg7 39. Ref1 Qe6 40. e5 Qd5 41. Qg4 Re7 42. Rf8+ Kh7 43. Qh5+ Bh6 44. R1f7+ Rxf7 45. Rxf7+ Kg8 46. Qg6+ 1-0

[Event "Wch Rapid (Women)"]
[Site "Samarkand"]
[Date "2023.12.26"]
[Round "4"]
[White "Khademalsharieh, Sarasadat"]
[Black "Kairbekova, Amina"]
[Result "1-0"]
[WhiteElo "2481"]
[BlackElo "2235"]
[PlyCount "73"]
[EventDate "2023.12.26"]
[EventType "swiss (rapid)"]
[EventRounds "11"]
[EventCountry "UZB"]
[SourceTitle "CB01_2024"]
[SourceDate "2024.01.03"]
[SourceVersion "1"]
[SourceVersionDate "2024.01.03"]
[SourceQuality "1"]

1. Nf3 Nf6 2. c4 g6 3. d4 Bg7 4. g3 0-0 5. Bg2 d6 6. 0-0 Nbd7 7. Nc3 e5 8. e4 exd4 9. Nxd4 Re8 10. h3 Nc5 11. Re1 a5 12. Ndb5 h6 13. Rb1 Bd7 14. Bf4 Qc8 15. Kh2 g5 16. Bc1 Bc6 17. f3 Nfd7 18. f4 gxf4 19. gxf4 Nf6 20. Qc2 Kh8 21. Bd2 Qd7 22. Rbd1 Rg8 23. Be3 Ne6 24. Bf3 Nh7 25. Bg4 Raf8 26. Bf5 Qd8 27. Qf2 Bf6 28. Rg1 Ng7 29. Bg4 Bh4 30. Qe2 Re8 31. Bd4 Bf6 32. Qd3 h5 33. Bf3 Ne6 34. Be3 Bh4 35. Bxh5 Qf6 36. Qd2 Nc5 37. Bd4 1-0